Govt. of
Madhya Pradesh

Normal view MARC view

Entry Personal Name

Number of records used in: 2

001 - CONTROL NUMBER

  • control field: 749

003 - CONTROL NUMBER IDENTIFIER

  • control field: OSt

005 - DATE AND TIME OF LATEST TRANSACTION

  • control field: 20150705122647.0

008 - FIXED-LENGTH DATA ELEMENTS

  • fixed length control field: 150705|| aca||aabn | a|a d

040 ## - CATALOGING SOURCE

  • Original cataloging agency: OSt
  • Transcribing agency: OSt

100 ## - HEADING--PERSONAL NAME

  • Personal name: Mehrotra, Rachna

670 ## - SOURCE DATA FOUND

  • Source citation: Work cat.: (OSt)14481: Mehrotra, Rachna, Impact of Indian Culture on Nehru, 1969